00263nam a2200109Ia 4500008004100000041001200041082001700053100001000070245002300080260004200103300000800145231217s9999 xx 000 0 und d aEnglish a158.1 JAI;1 aJaico 0a101 greate resumes c2003bJaico Publishing House,aMumbai a214